000 01292cam a2200397 4500
999 _c24164
_d24164
001 vtls011877036
005 20260506085253.0
008 210624s2019 xo er 000 f slo
020 _a9788055167282
_q(viazané)
035 _aurn:nbn:sk:snk-am00e992
035 _aurn:nbn:sk:snk-am3igd8
035 _a24EC8FF3-D629-4ECA-9276-55498E224EBF
040 _aTTKJF
_bslo
_dTTKJF
_dSNK
_erda
_csk
041 1 _aslo
_heng
044 _axo
_cSK
072 7 _a821.111(73)-3
_xAmerická próza
_2konspekt
080 _a821.111(73)-31
_22011
080 _a(0:82-993)
_22011
100 1 _aKeeland, Vi
_4aut
_95489
240 1 0 _aBeautiful Mistake
_lSlovensky
245 1 0 _aKrásny omyl
_cVi Keelandová ; preložila Anna Kolčiterová
264 1 _aBratislava
_bIkar
_c2019
300 _a295 strán
_c21 cm
336 _atext
_btxt
_2rdacontent
337 _abez média
_bn
_2rdamedia
338 _azväzok
_bnc
_2rdacarrier
500 _aPreložené z angličtiny
500 _aObsahuje biografické údaje o autorke na zadnej obálke
655 7 _aamerické romány
_2SNKPH
_92
655 7 _aerotické romány
_2SNKPH
_94
655 7 _aAmerican novels
_2SNKPHeng
_91670
655 7 _aErotic novels
_2SNKPHeng
_95
700 1 _aKolčiterová, Anna
_4trl
_92410
958 _aLX
958 _aUP